Statistics for Who played that musician?

Click here to take the quiz!

General Stats

  • This quiz has been taken 30 times
    (14 since last reset)
  • The average score is 6 of 17

Answer Stats

MovieMusicianActor% Correct
Bohemian Rhapsody2018Freddie MercuryRami Malek
85%
Walk The Line2005Johnny CashJoaquin Phoenix
77%
The Pianist2002Władysław SzpilmanAdrien Brody
69%
Ray2004Ray CharlesJamie Foxx
69%
Walk The Line2005June CarterReese Witherspoon
69%
Cadillac Records2008Etta JamesBeyoncé Knowles
31%
La Vie en Rose2007Édith PiafMarion Cotillard
31%
Rocketman2019Elton JohnTaron Egerton
31%
Get On Up2014Little RichardBrandon Mychal Smith
23%
Get On Up2014James BrownChadwick Boseman / Jamarion & Jordan Scott
23%
Love & Mercy2014Brian WilsonJohn Cusack / Paul Dano
23%
Straight Outta Compton2015Ice CubeO'Shea Jackson Jr.
23%
Straight Outta Compton2015Dr. DreCorey Hawkins
15%
All Eyez on Me2017Tupac ShakurDemetrius Shipp Jr.
15%
Notorious2009The Notorious B.I.G.Jamal Woolard
15%
Cadillac Records2008Muddy WatersJeffrey Wright
15%
Cadillac Records2008Chuck BerryMos Def
15%

Score Distribution

Percentile by Number Answered

Percent of People with Each Score

Your Score History

You have not taken this quiz since the last reset